Statistics for Guess the Deftones song (hard)

Click here to take the quiz!

General Stats

  • This quiz has been taken 358 times
  • The average score is 6 of 15

Answer Stats

HintAnswer% Correct
I watched you change, into a flyChange
97%
This town, don't feel mineBe quiet and drive
71%
I watch you taste it, I see your faceBeauty school
51%
I feel sick, I feel sickLotion
45%
I get all...NumbMinerva
44%
Here I lay still breathlssPassenger
41%
Worship, play,playHexagram
39%
She breaks her horses with strange distant voicesSwerve city
39%
You're red, soaking wetRocket skates
36%
When your ripeElite
34%
It's not that I care, but to that girlStreet carp
32%
Nerve, here i Borned feeding on his lungOne weak
24%
The ropes hang to keep us all awakeDeathblow
20%
I slipped into the cloak you leftUrantia
14%
Always the same old taste just new injuryWhen girls telephone boys
14%

Score Distribution

Percentile by Number Answered

Percent of People with Each Score

Your Score History

You have not taken this quiz